Problems of under-developed economy

Đã lưu trong:
书目详细资料
主要作者: Nag, D. S.
格式: 图书
语言:Undetermined
出版: Agra Lakshim Narain Agarwal 1962
主题:
标签: 添加标签
没有标签, 成为第一个标记此记录!
Thư viện lưu trữ: Trung tâm Học liệu Trường Đại học Cần Thơ
LEADER 00501nam a2200181Ia 4500
001 CTU_82309
008 210402s9999 xx 000 0 und d
082 |a 330.1 
082 |b N147 
100 |a Nag, D. S. 
245 0 |a Problems of under-developed economy 
245 0 |c D. S. Nag 
260 |a Agra 
260 |b Lakshim Narain Agarwal 
260 |c 1962 
650 |a Developing countries,Economic development 
904 |i Trọng Hải 
980 |a Trung tâm Học liệu Trường Đại học Cần Thơ